000
00319nam a2200109Ia 4500
008
221030s9999 xx 000 0 und d
245
0
_a
Analysis of Accounts Receivables & Purchase Orders of HCCBPL
260
_b
Hindustan Coca Cola Beverages Pvt. Ltd.
_a
JAMMU
_c
2014
300
_a
77
650
_a
Management
942
_c
TH
999
_c
16489
_d
16489